000 01151nam a2200265 i 4500
001 105130
003 ES-MaACL
005 20231212062538.0
007 t|
008 060613s1967 sp a |||| | spa d
100 1 _aLópez Méndez, Harold.
_973778
245 1 0 _aEspaña desconocida :
_bLa Alpujarra, rincón misterioso : [catálogo con motivo de la presentación del libro de Harold López Méndez, realizada en la Sala de Prado del Ateneo de Madrid el 30 de noviembrede 1967] /
_c[texto, Julio Caro Baroja].
260 _a[Madrid] :
_bPublicaciones Españolas,
_c[1967]
300 _a[12] p. :
_bil. ;
_c23 cm.
490 1 _aCuadernos de arte. Serie divulgación ;
_v93
610 2 4 _aAteneo de Madrid-
_vExposiciones-
_y1960-1969.
_91920
651 4 _aLas Alpujarras (Almería y Granada, Comarca)-
_xDescripción.
_9169697
655 7 _2tgfbne
_9193628
_aCatálogos de exposiciones
700 1 _aCaro Baroja, Julio,
_d1914-1995
_935403
710 2 _aAteneo de Madrid.
_bSala del Prado.
_91965
830 1 _aCuadernos de arte. Serie divulgación ;
_v93
_9184876
852 4 _aES-MaACL
_j2205-F-12
942 _2udc
999 _c105130
_d105130